Návrh udržateľného adaptačného programu novoprijatých zamestnancov v podniku FREMACH TRNAVA, s.r.o.

Gespeichert in:
Bibliographische Detailangaben
1. Verfasser: Šarvaicová, Bibiána (Verfasst von)
Weitere Verfasser: Novotná, Ivana (Betreuung Doktorarbeit)
Format: Manuskript Buch
Sprache:Slowakisch
Veröffentlicht: 2019
Schlagworte:
Online-Zugang:http://is.stuba.sk/zp/portal_zp.pl?podrobnosti=146839
Tags: Tag hinzufügen
Keine Tags, Fügen Sie das erste Tag hinzu!

MARC

LEADER 00000ntm a22000003a 4500
001 stuzp73213
003 SK-STU
005 20190608211549.4
007 ta
008 150427s2015----xo-----f-mn---000-0-slo-d
040 |a STU  |b slo 
041 0 |a slo 
100 1 |a Šarvaicová, Bibiána  |u 064000  |k Z4  |4 aut  |U MTF Materiálovotechnologická fakulta  |T MTF Ústav priemyselného inžinierstva a manažmentu  |X 69814  |U M4000  |Y 84  |7 69814 
242 0 1 |a The proposal for a sustainable adaptation program for new employees in FREMACH TRNAVA, s.r.o.  |y eng 
245 1 0 |a Návrh udržateľného adaptačného programu novoprijatých zamestnancov v podniku FREMACH TRNAVA, s.r.o. 
260 |c 2019 
650 4 |a personálny manažment  |2 slo 
650 4 |a riadenie ľudských zdrojov  |2 slo 
650 4 |a adaptácia  |2 slo 
650 4 |a zamestnanec  |2 slo 
650 4 |a adaptačný proces  |2 slo 
650 4 |a Personal management  |2 eng 
650 4 |a human resources management  |2 eng 
650 4 |a adaptation  |2 eng 
650 4 |a employee  |2 eng 
650 4 |a adaptation process  |2 eng 
700 1 |a Novotná, Ivana  |u 060100  |k Z1  |4 ths  |U MTF Materiálovotechnologická fakulta  |T MTF Centrum jazykov, humanitných vied a akademického športu  |X 46421  |U M0100  |Y 472  |7 A000046421 
856 4 |u http://is.stuba.sk/zp/portal_zp.pl?podrobnosti=146839 
996 |c M* DP-14116  |l MMSKP  |s P  |a 0  |w stuzp73213_0001